Bedtime stories as  reflections of Slovak and American values diplomová práca

Gespeichert in:
Bibliographische Detailangaben
1. Verfasser: Parzerová, Patrícia
Körperschaft: Fakulta aplikovaných jazykov EU v Bratislave. Katedra interkultúrnej komunikácie
Weitere Verfasser: Hrivíková, Tatiana, 1959-
Format: Buch
Sprache:Englisch
Veröffentlicht: Bratislava 2014
Tags: Tag hinzufügen
Keine Tags, Fügen Sie das erste Tag hinzu!

MARC

LEADER 00000nbm a2200000 4500
001 0185916
005 20170201084629.9
041 0 |a eng 
044 |a SK 
245 1 0 |a Bedtime stories as  reflections of Slovak and American values  |b diplomová práca  |c Patrícia Parzerová ; školiteľ: Tatiana Hrivíková 
264 1 |a Bratislava  |c 2014 
300 |a 53 s. 
100 1 |a Parzerová, Patrícia 
700 1 |a Hrivíková, Tatiana, 1959- 
710 2 |a Fakulta aplikovaných jazykov EU v Bratislave. Katedra interkultúrnej komunikácie